000 00294nam a2200121Ia 4500
008 190216s9999||||xx |||||||||||||| ||und||
100 _a"Puri,Sharma,Kalia"
245 0 _aPrinciples Of Inorganic Chemistry
260 _bMilestone
300 _a1135
650 _aChemistry-Chemistry
942 _cBK
999 _c3457
_d3457